000 00939cam a2200241Ii 4500
001 5994396
003 AUA.1
005 20251027115950.0
008 251027s1909 dcucf 001 0 eng d
040 _aEXN
_cEXN
_dm.c.
_dEXN
050 _aBX 6115.2
_b.L68 S9 2025
100 1 _aLoughborough, J. N.
_q(John Norton),
_d1832-1924.
_924459
245 1 4 _aHarakati Kuu Marejeo ya Pili:
_bMwanzo na Maendeleo Yake
_cby J. N. Loughborough.
246 _aThe great second advent movement :
_bits rise and progress /
260 _aEugene, OR
_bAdventist Pioneer Library
_c2025
300 _a416 p.
_c23 cm.
500 _aA Swahili translation for the The great second advent movement :
610 2 0 _aSeventh-day Adventists
_xHistory.
_924460
650 0 _aSecond Advent.
_924461
650 0 _aAdventists
_xHistory.
_924462
690 _aSeventh-day Adventist publications.
_924463
942 _2lcc
_cEGWEBO
_hBX 6115.2
_i.L68 S9 2025
999 _c25243
_d25243